| 000 | 00627nam a2200181 i 4500 | ||
|---|---|---|---|
| 001 | 92263 | ||
| 003 | ES-MaACL | ||
| 005 | 20230906180929.0 | ||
| 007 | t| | ||
| 008 | 050224s1967 sp |||| | spa d | ||
| 245 | 0 | 0 |
_aLibro personal 1966 / _credacción, C.B. Agesta ... [et al.] ; fotografías e ilustraciones, L.H. Calderón ... [et al.]. |
| 260 |
_aBarcelona : _bDifusora Internacional, _c[1967] _aBarcelona : _bSeix Barral, _c[1967] |
||
| 300 |
_a270 p. : _bil. ; _c30 cm. |
||
| 650 |
_aCivilización- _y1945- _9160060 |
||
| 700 | 1 |
_aAgesta, C.B. _918554 |
|
| 700 | 1 |
_aCalderón, L. H. _933603 |
|
| 852 |
_aES-MaACL _jC-29043 |
||
| 999 |
_c92263 _d92263 |
||